Taking the e-nitiative (Record no. 71522)

MARC details
000 -LEADER
fixed length control field 01132cam a2200253 4500
001 - CONTROL NUMBER
control field ABS66052
008 - FIXED-LENGTH DATA ELEMENTS--GENERAL INFORMATION
fixed length control field 021105n2002 000 0 eng u
035 ## - SYSTEM CONTROL NUMBER
System control number (Sirsi) u120370
110 ## - MAIN ENTRY--CORPORATE NAME
Corporate name or jurisdiction name as entry element Hampshire County Council
9 (RLIN) 1735
245 ## - TITLE STATEMENT
Title Taking the e-nitiative
260 ## - PUBLICATION, DISTRIBUTION, ETC.
Date of publication, distribution, etc. 2002
490 ## - SERIES STATEMENT
Series statement Surveyor
Volume/sequential designation 12 September 2002, 11(1)
520 ## - SUMMARY, ETC.
Summary, etc. Discusses the e-government initiative to make all government information electronic by 2005 and advises local authorities to adopt geographic information systems (GIS) to make this possible. Around 80% of local government data is geographical and using GIS is a very efficient way of processing and displaying data with a spatial element. Explains how Hampshire CC has embraced GIS in a cost-effective manner and shows how GIS is crucial to initiatives like the National Land Information Services (NLIS).
590 ## - LOCAL NOTE (RLIN)
Local note ABS
650 ## - SUBJECT ADDED ENTRY--TOPICAL TERM
Topical term or geographic name entry element GIS
650 ## - SUBJECT ADDED ENTRY--TOPICAL TERM
Topical term or geographic name entry element HAMPSHIRE CC
650 ## - SUBJECT ADDED ENTRY--TOPICAL TERM
Topical term or geographic name entry element GIS
650 ## - SUBJECT ADDED ENTRY--TOPICAL TERM
Topical term or geographic name entry element ELECTRONIC INFORMATION
650 ## - SUBJECT ADDED ENTRY--TOPICAL TERM
Topical term or geographic name entry element NATIONAL LAND INFORMATION SERVICE
650 ## - SUBJECT ADDED ENTRY--TOPICAL TERM
Topical term or geographic name entry element LOCAL GOVERNMENT
650 ## - SUBJECT ADDED ENTRY--TOPICAL TERM
Topical term or geographic name entry element SPATIAL DATA
690 ## - LOCAL SUBJECT ADDED ENTRY--TOPICAL TERM (OCLC, RLIN)
Topical term or geographic name as entry element GEOMATICS
9 (RLIN) 6242
942 ## - ADDED ENTRY ELEMENTS (KOHA)
Suppress in OPAC 0
Holdings
Withdrawn status Lost status Source of classification or shelving scheme Damaged status Not for loan Home library Current library Shelving location Date acquired Total Checkouts Full call number Barcode Date last seen Copy number Price effective from Koha item type
    Dewey Decimal Classification     London London Journal article 05/11/2002   ABS66052 120370-1001 06/08/2019 1 06/08/2019 Journal article